00381nam a2200145Ia 4500020000800000082001600008100003000024245003800054250001200092260004100104300001700145526003700162650002800199650000800227 apbk a297.14bMAU aMauddudi, Sayyid Abul Ala aThe Islamic law and constitution. a4th ed. aLahore:bIslamic Publications,c1969 a402p.c24 cn a0b0c0d297_140000000000000_MAU aConstitution -- Islamic aMCE